Communism - Statistics

General Stats
  • This quiz has been taken 82 times
    79 since last reset
  • The average score is 5 of 15
Answer Stats
Communism related Answer here % Correct
Who founded the soviet union? Vladimir Lenin
99%
Who was leader of the Bolshevic party? Vladimir Lenin
99%
Who led the Russian Soviet Federal Socialist Republic (RSFSR from 1917 Vladimir Lenin
99%
What political ideology did the soviet union follow? Communism
70%
Who led the soviet union the longest? Joseph Stalin
65%
How many countries were part of the soviet union? 15
36%
What does USSR mean? Union of Soviet Socialist Republics
32%
Who led the soviet union the shortest? Georgy Malenkov
7%
When did the soviet union end? December 26, 1991
3%
When was the soviet union established? December 30, 1922
3%
Which Countries still have communism China Cuba Laos Vietnam North Korea
1%
What unsuccessful event sealed the fate of the soviet union? Coup against Gorbachev
1%
What cities were renamed after Soviet leaders? (most famous, not all) Leningrad, Stalingrad, Kirov
1%
What Countries were part of the Soviet Union? Russia, Estonia, Moldova, Kazhastan, Ukraine, Lithuania, Belarus, Latvia, Armenia, Kyrgystan, Azerbaijan, Uzbekistan,Georgie, Tajikistan,Turmekistan
1%
Who wrote the soviet anthem? Sergei Mikhalov
1%
No matching quizzes found
Score Distribution
Percent of People with Each Score
Percentile by Number Answered
Your Score History
You have not taken this quiz since the last reset